000
00287nam a22001337a 4500
008
170508b xxu||||| |||| 00| 0 eng d
020
_a
9781422499405
041
_a
eng
080
_a
342
100
_a
14
101
_a
SHJ
245
_a
ADMINISRATIVE LAW
_c
SCHUK.P.H
942
_2
udc
_c
BK
999
_c
12991
_d
12991